<?xml version="1.0" encoding="UTF-8"?>
<record
    xmlns:xsi="http://www.w3.org/2001/XMLSchema-instance"
    xsi:schemaLocation="http://www.loc.gov/MARC21/slim http://www.loc.gov/standards/marcxml/schema/MARC21slim.xsd"
    xmlns="http://www.loc.gov/MARC21/slim">

  <leader>01273nam a2200229Ia 4500</leader>
  <datafield tag="952" ind1=" " ind2=" ">
    <subfield code="0">0</subfield>
    <subfield code="1">0</subfield>
    <subfield code="2">lcc</subfield>
    <subfield code="4">0</subfield>
    <subfield code="7">0</subfield>
    <subfield code="a">04</subfield>
    <subfield code="b">04</subfield>
    <subfield code="d">2011-04-11</subfield>
    <subfield code="l">7</subfield>
    <subfield code="o">HD30.28 R63 2005</subfield>
    <subfield code="p">04 003223</subfield>
    <subfield code="r">2016-05-02</subfield>
    <subfield code="s">2016-05-02</subfield>
    <subfield code="t">1</subfield>
    <subfield code="w">2012-06-24</subfield>
    <subfield code="y">LB</subfield>
  </datafield>
  <datafield tag="952" ind1=" " ind2=" ">
    <subfield code="0">0</subfield>
    <subfield code="1">0</subfield>
    <subfield code="2">lcc</subfield>
    <subfield code="4">0</subfield>
    <subfield code="7">0</subfield>
    <subfield code="a">04</subfield>
    <subfield code="b">04</subfield>
    <subfield code="d">2015-08-18</subfield>
    <subfield code="l">6</subfield>
    <subfield code="o">HD30.28 R63 2005</subfield>
    <subfield code="p">04 005620</subfield>
    <subfield code="r">2017-03-21</subfield>
    <subfield code="s">2017-03-21</subfield>
    <subfield code="t">2</subfield>
    <subfield code="w">2015-08-18</subfield>
    <subfield code="y">LB</subfield>
  </datafield>
  <datafield tag="999" ind1=" " ind2=" ">
    <subfield code="c">62735</subfield>
    <subfield code="d">62735</subfield>
  </datafield>
  <controlfield tag="008">120625s2005    mx            001 0 spa d</controlfield>
  <datafield tag="020" ind1=" " ind2=" ">
    <subfield code="a">9789706863799</subfield>
  </datafield>
  <datafield tag="050" ind1=" " ind2="4">
    <subfield code="a">HD30.28 </subfield>
    <subfield code="b">R63 2005</subfield>
  </datafield>
  <datafield tag="100" ind1="1" ind2=" ">
    <subfield code="a">Rodr&#xED;guez Valencia, Joaqu&#xED;n</subfield>
    <subfield code="e"> , autor</subfield>
  </datafield>
  <datafield tag="245" ind1="1" ind2="0">
    <subfield code="a">C&#xF3;mo aplicar la planeaci&#xF3;n estrat&#xE9;gica a la peque&#xF1;a y mediana empresa </subfield>
    <subfield code="c"> / Joaqu&#xED;n Rodr&#xED;guez Valencia </subfield>
  </datafield>
  <datafield tag="250" ind1=" " ind2=" ">
    <subfield code="a">5a. edici&#xF3;n </subfield>
  </datafield>
  <datafield tag="260" ind1=" " ind2=" ">
    <subfield code="a">M&#xE9;xico</subfield>
    <subfield code="b"> : Cengage Learning </subfield>
    <subfield code="c"> , 2005</subfield>
  </datafield>
  <datafield tag="300" ind1=" " ind2=" ">
    <subfield code="a">x, 289 p&#xE1;ginas </subfield>
    <subfield code="c"> ; 23 cm.</subfield>
  </datafield>
  <datafield tag="504" ind1=" " ind2=" ">
    <subfield code="a">Bibliograf&#xED;a: pp. 287-289</subfield>
  </datafield>
  <datafield tag="505" ind1="0" ind2=" ">
    <subfield code="a">Aspectos de cambio en la empresa y en la funci&#xF3;n de planeaci&#xF3;n 
Generalidades sobre la planeaci&#xF3;n 
Estrategia de la empresa 
Estudio de los cambios en el entorno de la actuaci&#xF3;n de las empresas mediante la elaboraci&#xF3;n de escenarios 
Planeaci&#xF3;n estrat&#xE9;gica-t&#xE1;ctica-operativa 
C&#xF3;mo dise&#xF1;ar una planeaci&#xF3;n estrat&#xE9;gica 
C&#xF3;mo elaborar planes de acci&#xF3;n 
Evaluaci&#xF3;n del sistema de planeaci&#xF3;n estrat&#xE9;gica </subfield>
  </datafield>
  <datafield tag="519" ind1=" " ind2=" ">
    <subfield code="a">Plan Flexible / </subfield>
    <subfield code="b">Mercadotecnia / </subfield>
    <subfield code="c">Estrategias de Mercadotecnia (P27) / </subfield>
    <subfield code="d">(04 003223)</subfield>
  </datafield>
  <datafield tag="519" ind1=" " ind2=" ">
    <subfield code="a">Material Complementario / </subfield>
    <subfield code="d">(04 005620) </subfield>
  </datafield>
  <datafield tag="650" ind1=" " ind2="4">
    <subfield code="a">PLANIFICACI&#xD3;N ESTRATEGICA</subfield>
  </datafield>
  <datafield tag="650" ind1=" " ind2="4">
    <subfield code="a">PLANIFICACI&#xD3;N DE NEGOCIOS</subfield>
    <subfield code="x">  </subfield>
  </datafield>
  <datafield tag="650" ind1=" " ind2="4">
    <subfield code="a">PEQUE&#xD1;AS Y MEDIANAS EMPRESAS </subfield>
  </datafield>
  <datafield tag="942" ind1=" " ind2=" ">
    <subfield code="c">LB</subfield>
  </datafield>
</record>
